বাঙালির দর্শনচিন্তা. প্রথম খণ্ড /
| Інші автори: | , |
|---|---|
| Формат: | Книга |
| Мова: | Bengali English |
| Серія: | বাঙালির চিন্তামূলক রচনা সংগ্রহ ;
২৩ বিশ্বসাহিত্য কেন্দ্র প্রকাশনা ; ৬০৯ |
| Предмети: | |
| Classic Catalogue: | View this record in Classic Catalogue |
| LEADER | 02423nam a22004217a 4500 | ||
|---|---|---|---|
| 001 | 42161 | ||
| 003 | BD-DhAAL | ||
| 005 | 20250517150242.0 | ||
| 008 | 240204t2023 bg ||||| b||| 001 0 ben d | ||
| 020 | |a 9789849722885 | ||
| 020 | |a 9841806088 | ||
| 040 | |a BD-DhAAL |c BD-DhAAL | ||
| 041 | |a ben | ||
| 041 | |a eng | ||
| 082 | |a 100.95492 |2 23 | ||
| 245 | |a বাঙালির দর্শনচিন্তা. |n প্রথম খণ্ড / |c সম্পাদক, প্রদীপ রায় ; গ্রন্থমালা সম্পাদক, আবদুল্লাহ আবু সায়ীদ. | ||
| 246 | |a Bangalir chintamulok rochona shongroho : |b dorshon [prothom khondo] | ||
| 246 | |a A collection of Bengali thoughts : |b philosophy [volume : 1] | ||
| 264 | |a ঢাকা : |b বিশ্বসাহিত্য কেন্দ্র, |c ২০২৩. | ||
| 300 | |a ৩১০ পৃষ্ঠা ; |c ২২ সে.মি. | ||
| 362 | |a Vol. 1 | ||
| 490 | |a বাঙালির চিন্তামূলক রচনা সংগ্রহ ; |v ২৩ | ||
| 490 | |a বিশ্বসাহিত্য কেন্দ্র প্রকাশনা ; |v ৬০৯ | ||
| 500 | |a প্রথম প্রকাশ. | ||
| 504 | |a গ্রন্থপঞ্জিগত নির্দেশিকা ও নির্ঘণ্ট অন্তর্ভুক্ত। | ||
| 526 | |a AAL, RS | ||
| 541 | |a Bishwo Shahitto Kendro |e 42161, 42215 | ||
| 650 | |a Philosophy |z Bangladesh. |9 56005 | ||
| 650 | |a Philosophy |x Study and teaching |z Bangladesh. |9 56006 | ||
| 700 | |a রায়, প্রদীপ. |9 56002 | ||
| 700 | |a সায়ীদ, আবদুল্লাহ আবু. | ||
| 830 | |a বাঙালির চিন্তামূলক রচনা সংগ্রহ ; |v ২৩ |9 56003 | ||
| 830 | |a বিশ্বসাহিত্য কেন্দ্র প্রকাশনা ; |v ৬০৯ |9 53391 | ||
| 852 | |a Ayesha Abed Library |c Reference | ||
| 942 | |2 ddc |c BK | ||
| 999 | |c 46359 |d 46359 | ||
| 952 | |0 0 |1 0 |2 ddc |4 0 |6 100_954920000000000_BAN |7 1 |9 75046 |a BRACUL |b BRACUL |c REF |d 2024-01-31 |e Bishwo Shahitto Kendra |g 390.00 |l 0 |o 100.95492 BAN |p 3010042161 |r 2024-01-31 |t 1 |v 780.00 |w 2024-01-31 |y BK | ||
| 952 | |0 0 |1 0 |2 ddc |4 0 |6 100_954920000000000_BAN |7 1 |9 75047 |a SCL |b SCL |c REF |d 2024-01-31 |e Bishwo Shahitto Kendra |g 390.00 |l 0 |o 100.95492 BAN |p 3020042215 |r 2024-01-31 |t 2 |v 780.00 |w 2024-01-31 |y BK | ||